000 01213nam1a2200277 i 4500
001 RU\NLR\BIBL_A\010578742
005 20260406104358.0
035 _a(NLR Aleph) 010578742
090 _a10452762
_c10452762
100 _a20141106g20149999k y0rusy50 ba
101 0 _arus
102 _aRU
105 _a||||z||||||||
200 1 _aCuneiform texts in the collection of the Pushkin state museum of fine arts
_dКлинописные тексты в собрании ГМИИ им. А.С. Пушкина
_fPushkin state museum of fine arts
_g[ed. by Natalia Koslova
_zrus
210 _aMoscow
_cPaleograph-press
_cPushkin state museum of fine arts
_d2014
215 _d31
510 1 _aКлинописные тексты в собрании ГМИИ им. А.С. Пушкина
_zrus
606 1 _aКлинопись
_xМузейные коллекции
_92257420
_3RU\NLR\AUTH\6601583789
686 1 _aТ229(0)313.1л6
702 1 _6z41790
_aKozlova
_bN.
_gNatal'ja
_4340
711 0 2 _8eng
_aPushkin state museum of fine arts
_cMoscow
_7ba
_3RU\NLR\AUTH\883017
_9277181
790 1 _6z41702
_aKoslova
_bN.
_gNatal'ja
852 _aNLR
_jИк 2014-9/74
942 _cBOOK